Reseña histórica de los transportes en Costa Rica.
সংরক্ষণ করুন:
| সংস্থা লেখক: | |
|---|---|
| বিন্যাস: | গ্রন্থ |
| প্রকাশিত: |
San José, Costa Rica
1967
|
| বিষয়গুলি: | |
| ট্যাগগুলো: |
ট্যাগ যুক্ত করুন
কোনো ট্যাগ নেই, প্রথমজন হিসাবে ট্যাগ করুন!
|
MARC
| LEADER | 00000nam a2200000Ia 4500 | ||
|---|---|---|---|
| 003 | 000871 | ||
| 005 | 20221231143943.0 | ||
| 008 | 140114s1967 c a 000 ||s d | ||
| 040 | |c cru CEDI | ||
| 082 | |a 385.097.286 C8375r | ||
| 110 | |9 18322 |a Costa Rica. Ministerio de Transportes. Departamento de Planificación | ||
| 245 | |a Reseña histórica de los transportes en Costa Rica. | ||
| 260 | |a San José, Costa Rica |c 1967 | ||
| 300 | |a 84 hojas, gráficos ; 28 cm. | ||
| 650 | |x TRANSPORTE - HISTORIA - COSTA RICA |9 18323 | ||
| 942 | |2 ddc |c BK | ||
| 999 | |c 14738 |d 14738 | ||
